Learning strategies for post-literacy and continuing education in Mali, Niger, Senegal and upper Volta.

Gardado en:
Detalles Bibliográficos
Autor Principal: Quane, A. (autor)
Outros autores: Badiane, F. (autor) (autor), Kane, O. (autor) (autor)
Formato: Libro
Idioma:inglés
Series:(IUE studies ; no. 2)
Temas:
Etiquetas: Engadir etiqueta
Sen Etiquetas, Sexa o primeiro en etiquetar este rexistro!

MARC

LEADER 00000cam^a2200000uu^4500
001 000490517
005 20250521000000.0
008 050901s1984^^^^^^^^^^^^rd^r^^000^0^eng^d
009 20260310125355.2
022 |a 9282010392 
035 |a FCE 000033733 
035 |a FCE 000878 
037 |a Acervo ITESO - Biblioteca 
041 |a eng 
082 0 4 |a 374  |b QUAl 2 
100 |a Quane, A.  |e (autor) 
245 1 0 |a Learning strategies for post-literacy and continuing education in Mali, Niger, Senegal and upper Volta. 
264 |a Paris :  |b IUE-UNESCO,  |c 1984. 
300 |a 206 p. 
336 |a texto  |b txt  |2 rdacontenido 
337 |a sin mediación  |b n  |2 rdamedio 
338 |a volumen  |b nc  |2 rdasoporte 
440 0 |a (IUE studies ;  |v no. 2) 
649 |a XX 
650 |a Programa de educación 
650 |a Educación de adultos 
650 |a Estrategias de la educación 
650 |a Radio educativa 
650 |a Post-alfabetización 
650 |a Educación permanente 
650 |a Nigeria 
650 |a Senegal 
650 |a Alto Volta 
700 |a Badiane, F.  |e (autor) 
700 |a Kane, O.  |e (autor) 
910 |a Fondo Centro de Estudios Educativos 
920 |a Impresos - Libros 
930 |a Fondos Especiales 
905 |a 133 
901 |a ALE000878  |b IT2  |c CEE  |u 20250521 
902 |a https://opac.biblio.iteso.mx/vufind/Record/000490517